Existiert Gott? Antwort auf die Gottesfrage der Neuzeit
Zapisane w:
| 1. autor: | |
|---|---|
| Format: | Książka |
| Język: | niemiecki |
| Wydane: |
Múnich
R. Piper
1978
|
| Hasła przedmiotowe: | |
| Etykiety: |
Dodaj etykietę
Nie ma etykietki, Dołącz pierwszą etykiete!
|
MARC
| LEADER | 00000nam a2200000 a 4500 | ||
|---|---|---|---|
| 001 | UCN9112 | ||
| 003 | CL-VaPUC | ||
| 008 | 011123e19780000GW |||||||||||||||||ger|d | ||
| 082 | 0 | 4 | |a 212.1 |b KUN |2 21 |
| 100 | |a Küng, Hans |e author |9 416134 | ||
| 245 | 1 | 0 | |a Existiert Gott? Antwort auf die Gottesfrage der Neuzeit |
| 300 | |a 878 p | ||
| 942 | |c BK | ||
| 945 | |d 20011123 00:00:00 |a crobeson | ||
| 260 | |a Múnich |b R. Piper |c 1978 | ||
| 600 | 0 | |a Dios |9 314467 | |
| 650 | 0 | |a Existencia de Dios |9 266954 | |
| 650 | 0 | |a Fe |9 308036 | |
| 650 | 0 | |a Razón |9 314475 | |
| 650 | 7 | |a DEISMO |2 CL-VaPUC |9 314472 | |
| 650 | 0 | |a Ateísmo |9 265671 | |
| 650 | 0 | |a Fenomenología |9 256519 | |
| 650 | 0 | |a Filosofía del espíritu |9 320175 | |
| 650 | 0 | |a Nihilismo |9 265670 | |
| 583 | |a last modification |c 20011123 00:00:00 |k Rodrigo Vera | ||
| 999 | |c 298659 |d 298657 | ||
| 952 | |0 0 |1 0 |4 0 |6 212_100000000000000_KUN_1978 |7 0 |8 A |9 354424 |a BIBHIS |b BIBHIS |d 2019-11-21 |i 3743071 |o 212.1 KUN 1978 |p 3743071 |r 2025-01-20 |w 2019-11-21 |y BK |k HIS | ||